000 00773nam a2200265Ia 4500
003 OSt
005 20220924113142.0
006 a|||||r|||| 00| 0
007 ta
008 220923b |||||||| |||| 00| 0 eng d
024 _a128614
037 _cDictionary
040 _aARTS
_cARTS
_beng
041 _2eng
_aeng
082 _aV755k, L2 (RR)
100 _aMeyer Harvey K
_9169578
245 0 _aHistorical dictionary of Nicaragua
260 _aMetuchen
_bScarecrow Press
_c1972
300 _axiii, 502p. illus
_ccm.
490 _aLatin American historical dictionaries ed by A Curtis Wilgus; 6
500 _aBibliography p483-499
650 _aHISTORY
942 _hV755k, L2 (RR)
_cdic
_2cc
999 _c389377
_d389377